000 00545cam a22001931 4500
001 he 67000481
003 DLC
005 20260227111444.0
008 900530s1960 ag 000 1 yidr
010 _ahe 67000481
035 _a(OCoLC)21625529
040 _aDLC
_cTxU
_dDLC
050 0 0 _aPJ5129.O47
_bS45
100 1 _aOkrutny, Iosef,
_d1906-
245 1 2 _aA shṭayn tsuḳopns
_c[fun] Yosef Oḳruṭni.
260 _aBuenos-Ayres,
_bFarlag Svive,
_c721, 1960.
300 _a381 p.
_c21 cm.
500 _aAdded t. p.: Una piedra de cabecera.
999 _c32216
_d32216